| 000 | 01106nam a22002657a 4500 | ||
|---|---|---|---|
| 999 |
_c2294 _d2294 |
||
| 003 | AR-CdUCM | ||
| 008 | 190304b ||||| |||| 00| 0 spa d | ||
| 040 |
_aMUNICIPALIDAD PROVINCIAL DEL CUSCO _cBIBLIOTECA MUNICIPAL DEL CUSCO |
||
| 082 |
_a352.02 / _bP72 |
||
| 110 |
_aUniversidad del Pacifico _98279 |
||
| 245 |
_aEl Poder Municipal : _bElecciones 86 / |
||
| 260 |
_aLima : _bUniversidad del pacifico, _c1986. |
||
| 300 |
_a322 paginas ; _bIlustraciones, _c20cm. |
||
| 500 | _aEditora, María del Pilar Tello. Experiencias sobre gestión municipal de algunos alcaldes de provincias y de Lima; Asimismo se presentan las entrevistas realizadas a los tres candidatos con mayor aceptación. | ||
| 505 | _aContenido -- Coloquios de Alcaldes -- Coloquio Tecnico | ||
| 650 |
_aElecciones Municipal _98280 |
||
| 650 |
_aPerú _935 |
||
| 650 |
_aGobierno Municipal _98186 |
||
| 700 |
_aDel Pilar Tello, María _98281 |
||
| 700 |
_aCorrea Miller, Fernando _98282 |
||
| 700 |
_aLópez García, Víctor _98283 |
||
| 700 |
_aOrrego Villacorta, Eduardo _98284 |
||
| 942 |
_2ddc _cLIBROS |
||
| 945 |
_apjha _d2019-03-04 |
||